[Event "European Youth Chess Championship B16"]
[Site "Prague, Top Hotel Prague"]
[Date "2016.08.20"]
[Round "3.5"]
[White "Mesaros, Florian"]
[Black "Nikitenko, Mihail"]
[Result "1-0"]
[WhiteElo "2270"]
[BlackElo "2394"]
[PlyCount "111"]
[EventDate "2016.08.18"]

1. d4 Nf6 2. c4 c6 3. Nc3 d5 4. cxd5 cxd5 5. Bf4 Nc6 6. e3 e6 7. Bd3 Be7 8. a3
Bd7 9. h3 Na5 10. Nb5 Bxb5 11. Bxb5+ Nc6 12. Bd3 Bd6 13. Bxd6 Qxd6 14. Nf3 O-O
15. O-O Nd7 16. Qe2 a6 17. Nd2 f6 18. Rfc1 e5 19. dxe5 fxe5 20. e4 d4 21. Bc4+
Kh8 22. Bd5 Rac8 23. Nc4 Qf6 24. b4 b5 25. Nb2 Ne7 26. Bb3 Ng6 27. g3 Rxc1+ 28.
Rxc1 Qg5 29. Rc7 Nf6 30. Nd3 Nf4 31. Nxf4 exf4 32. g4 h6 33. Rc5 Qh4 34. Qd3
Nh7 35. Rh5 Qe7 36. e5 Rc8 37. Bc2 Nf8 38. Rf5 g5 39. Rf6 Kg7 40. Rg6+ Nxg6 41.
Qxg6+ Kh8 42. Qxh6+ Kg8 43. Bb3+ Rc4 44. Qxa6 Qxe5 45. Bxc4+ bxc4 46. Qxc4+ Kg7
47. Qc6 Qe7 48. Kf1 Qa7 49. a4 d3 50. Qc3+ Kh6 51. Qxd3 Qxa4 52. Qd6+ Kh7 53.
Qe7+ Kh8 54. Qf8+ Kh7 55. Qf7+ Kh8 56. Qh5+ 1-0

[Event "European Youth Chess Championship B16"]
[Site "Prague, Top Hotel Prague"]
[Date "2016.08.20"]
[Round "3.6"]
[White "Macovei, Andrei"]
[Black "Tuncer, Tuna"]
[Result "0-1"]
[WhiteElo "2382"]
[BlackElo "2263"]
[PlyCount "92"]
[EventDate "2016.08.18"]

1. e4 c5 2. Nf3 d6 3. d4 cxd4 4. Nxd4 Nf6 5. Nc3 a6 6. f3 Qb6 7. Nb3 Nc6 8. Qe2
e6 9. Be3 Qc7 10. g4 b5 11. O-O-O Nd7 12. Kb1 Rb8 13. f4 Be7 14. g5 Nb6 15. a3
b4 16. axb4 Nxb4 17. h4 Bd7 18. Bd4 Na4 19. Qc4 Qxc4 20. Bxc4 O-O 21. Rh2 Rfc8
22. Bf1 Bc6 23. Rhd2 Bd8 24. Rc1 a5 25. e5 d5 26. Nxa4 Bxa4 27. Nc5 Bb5 28. Bh3
Be7 29. Nd3 Rxc2 30. Rcxc2 Bxd3 31. Rxd3 Nxd3 32. f5 Nf4 33. f6 Bb4 34. Bf1 h6
35. gxh6 g6 36. Rf2 Nh5 37. Be2 Bf8 38. Be3 Kh7 39. Bxh5 gxh5 40. Rg2 Rb4 41.
Bd2 Rxh4 42. Bxa5 Rh1+ 43. Ka2 h4 44. Bd2 h3 45. Rg4 Rd1 46. Bf4 Rd4 0-1

[Event "European Youth Chess Championship B16"]
[Site "Prague, Top Hotel Prague"]
[Date "2016.08.20"]
[Round "3.7"]
[White "Trubchaninov, Timur"]
[Black "Fakhrutdinov, Timur"]
[Result "0-1"]
[WhiteElo "2228"]
[BlackElo "2375"]
[PlyCount "62"]
[EventDate "2016.08.18"]

1. e4 c5 2. Nf3 d6 3. d4 cxd4 4. Nxd4 Nf6 5. Nc3 a6 6. h3 e6 7. g4 Be7 8. Bg2
Nfd7 9. Be3 Nc6 10. h4 O-O 11. g5 Nde5 12. f4 Nc4 13. Bc1 Qb6 14. Nxc6 bxc6 15.
b3 Ne3 16. Qe2 Nxg2+ 17. Qxg2 f5 18. Rh3 e5 19. Rg3 fxe4 20. fxe5 d5 21. Bb2
Bc5 22. O-O-O Bf2 23. Rf1 Be6 24. Ba3 Bxg3 25. Rxf8+ Rxf8 26. Qxg3 Rf3 27. Qe1
Qa5 28. Bb2 Bh3 29. Qd2 Rf1+ 30. Nd1 Bg4 31. Qxa5 Rxd1# 0-1

[Event "European Youth Chess Championship B16"]
[Site "Prague, Top Hotel Prague"]
[Date "2016.08.20"]
[Round "3.8"]
[White "Radovanovic, Mihajlo"]
[Black "Yilmaz, Goktan"]
[Result "1/2-1/2"]
[WhiteElo "2374"]
[BlackElo "2134"]
[PlyCount "71"]
[EventDate "2016.08.18"]

1. Nf3 d5 2. d4 Nf6 3. c4 e6 4. g3 Bb4+ 5. Bd2 Be7 6. Bg2 O-O 7. O-O c6 8. Qc2
b6 9. Rd1 Nbd7 10. a4 Ba6 11. b3 Ne4 12. Be1 f5 13. Nc3 Bd6 14. Ra2 Qe7 15.
cxd5 cxd5 16. Nb5 Rfc8 17. Qb2 Bb4 18. Rc1 Bxe1 19. Nxe1 Ndf6 20. Nd3 Bxb5 21.
axb5 Nd6 22. Rxc8+ Rxc8 23. Qa3 Rc7 24. Qb4 Nfe4 25. Bxe4 Nxe4 26. Qxe7 Rxe7
27. Rc2 Nd6 28. Rc6 Nxb5 29. Rc8+ Kf7 30. Ne5+ Kf6 31. Rf8+ Kg5 32. f4+ Kh6 33.
Nf7+ Kg6 34. Ne5+ Kh6 35. Nf7+ Kg6 36. Ne5+ 1/2-1/2

[Event "European Youth Chess Championship B16"]
[Site "Prague, Top Hotel Prague"]
[Date "2016.08.20"]
[Round "3.9"]
[White "Gokerkan, Cem Kaan"]
[Black "Paiva, Henrique"]
[Result "1-0"]
[WhiteElo "2371"]
[BlackElo "2121"]
[PlyCount "57"]
[EventDate "2016.08.18"]

1. e4 c5 2. Nf3 d6 3. d4 cxd4 4. Nxd4 Nf6 5. Nc3 Nc6 6. Bc4 e6 7. Be3 Be7 8.
O-O O-O 9. Bb3 a6 10. f4 Qa5 11. f5 e5 12. Nde2 b5 13. Nd5 Qd8 14. Nxf6+ Bxf6
15. Nc3 Rb8 16. Qd2 Bb7 17. Bd5 h6 18. Rad1 Nd4 19. Bxb7 Rxb7 20. Nd5 Bg5 21.
c3 Nc6 22. f6 gxf6 23. h4 Bxh4 24. Bxh6 Re8 25. g3 Kh7 26. gxh4 Rg8+ 27. Kh2
Rg6 28. Rxf6 Rg4 29. Bg5 1-0

[Event "European Youth Chess Championship B16"]
[Site "Prague, Top Hotel Prague"]
[Date "2016.08.20"]
[Round "3.10"]
[White "Akhvlediani, Irakli"]
[Black "Risting, Eivind Olav"]
[Result "1/2-1/2"]
[WhiteElo "2120"]
[BlackElo "2347"]
[PlyCount "45"]
[EventDate "2016.08.18"]

1. d4 Nf6 2. c4 g6 3. g3 Bg7 4. Bg2 O-O 5. Nc3 d6 6. Nf3 Nc6 7. O-O e5 8. d5
Nb8 9. e4 a5 10. Ne1 Na6 11. Nd3 Nd7 12. Be3 b6 13. a3 Ndc5 14. Ne1 Bd7 15. b3
f5 16. f3 Qe8 17. Rb1 a4 18. b4 Nb3 19. Nd3 f4 20. Bf2 h5 21. c5 bxc5 22. bxc5
Naxc5 23. Nxc5 1/2-1/2

[Event "European Youth Chess Championship B16"]
[Site "Prague, Top Hotel Prague"]
[Date "2016.08.20"]
[Round "3.11"]
[White "Kevlishvili, Robby"]
[Black "Storme, Isak"]
[Result "1/2-1/2"]
[WhiteElo "2409"]
[BlackElo "2108"]
[PlyCount "75"]
[EventDate "2016.08.18"]

1. e4 c5 2. Nf3 d6 3. d4 cxd4 4. Nxd4 Nf6 5. Nc3 Nc6 6. Bg5 e6 7. Qd2 a6 8.
O-O-O Bd7 9. f4 b5 10. Bxf6 gxf6 11. Kb1 Qb6 12. Nce2 h5 13. h4 O-O-O 14. f5
Kb8 15. fxe6 fxe6 16. Nxc6+ Bxc6 17. Nd4 Bh6 18. Qa5 Kb7 19. Qxb6+ Kxb6 20.
Nxe6 Rd7 21. Bd3 Re8 22. Nd4 Bxe4 23. Bxe4 Rxe4 24. Nf5 Bf4 25. Rhe1 Rxe1 26.
Rxe1 Be5 27. c3 Rh7 28. Kc2 Rh8 29. Kd3 Rg8 30. g3 Rg4 31. Re4 Rg8 32. Re3 Rg4
33. Ke2 Kc6 34. Kf3 Kd5 35. Kf2 Ke6 36. Nd4+ Kd5 37. Nf5 Ke6 38. Nd4+ 1/2-1/2

[Event "European Youth Chess Championship B16"]
[Site "Prague, Top Hotel Prague"]
[Date "2016.08.20"]
[Round "3.12"]
[White "Roshka, Yevgeniy"]
[Black "Sousa, Andre Ventura"]
[Result "1-0"]
[WhiteElo "2285"]
[BlackElo "2411"]
[PlyCount "135"]
[EventDate "2016.08.18"]

1. d4 Nf6 2. c4 g6 3. Nc3 Bg7 4. e4 d6 5. Nf3 O-O 6. Be2 e5 7. O-O Nc6 8. d5
Ne7 9. Nd2 Nd7 10. b4 a5 11. bxa5 c5 12. dxc6 Nxc6 13. Nb3 Nc5 14. Ba3 Nd4 15.
Nxc5 dxc5 16. Bxc5 Qxa5 17. Bxf8 Bxf8 18. Nb5 Bc5 19. Nxd4 Bxd4 20. Rb1 Qxa2
21. Bg4 Qxc4 22. Bxc8 Qxc8 23. Qb3 b6 24. Qd5 Ra5 25. Rbc1 Qa8 26. Qd6 Bc5 27.
Qd3 Ra3 28. Qe2 Ra4 29. Rfe1 Kg7 30. h3 Qa5 31. Rc2 Qb4 32. Rb2 Qd4 33. Rd2 Qb4
34. Kh2 Bd4 35. Rc1 Bc5 36. f3 Qa3 37. Rb1 Bd4 38. Qd3 Qe7 39. Rc2 Qg5 40. Qb3
Ra7 41. g3 Bc5 42. Qd5 Qf6 43. Rb3 Bd4 44. Rd3 Ra5 45. Qd7 Ra1 46. h4 Bg1+ 47.
Kg2 Bc5 48. Qc8 Rg1+ 49. Kh2 Rf1 50. Qe8 Kh6 51. Rxc5 bxc5 52. Qf8+ Qg7 53. Qd8
f6 54. Rd7 Rxf3 55. Rxg7 Kxg7 56. Qe7+ Kg8 57. Qxc5 f5 58. Qd5+ Kf8 59. Qxe5
fxe4 60. Qh8+ Kf7 61. Qxh7+ Kf6 62. Qh8+ Kf5 63. Qd4 Rd3 64. Qc5+ Ke6 65. Qg5
Rf3 66. Qxg6+ Ke5 67. Kg2 Rf5 68. g4 1-0

[Event "European Youth Chess Championship B16"]
[Site "Prague, Top Hotel Prague"]
[Date "2016.08.20"]
[Round "3.13"]
[White "Lodici, Lorenzo"]
[Black "Koziol, Kamil"]
[Result "1/2-1/2"]
[WhiteElo "2394"]
[BlackElo "2276"]
[PlyCount "66"]
[EventDate "2016.08.18"]

1. d4 Nf6 2. c4 g6 3. f3 Bg7 4. e4 d6 5. Ne2 O-O 6. Be3 c5 7. d5 e6 8. Nec3
exd5 9. cxd5 a6 10. a4 Nbd7 11. Be2 Nh5 12. g4 Bd4 13. Bxd4 cxd4 14. Qxd4 Nf4
15. Nd2 Ne5 16. Nc4 Qh4+ 17. Kd1 Nxc4 18. Bxc4 Bd7 19. Kc2 Rac8 20. Rac1 b5 21.
axb5 axb5 22. Bf1 b4 23. Qxb4 Qf2+ 24. Kb1 Rb8 25. Qa3 Ra8 26. Nd1 Rxa3 27.
Nxf2 Rxf3 28. Rc2 f5 29. exf5 gxf5 30. g5 Ba4 31. Rd2 Bb3 32. Bb5 Bxd5 33. Rhd1
Kg7 1/2-1/2

[Event "European Youth Chess Championship B16"]
[Site "Prague, Top Hotel Prague"]
[Date "2016.08.20"]
[Round "3.14"]
[White "Schmidek, Emil"]
[Black "Warmerdam, Max"]
[Result "1-0"]
[WhiteElo "2223"]
[BlackElo "2372"]
[PlyCount "129"]
[EventDate "2016.08.18"]

1. e4 c5 2. Nf3 d6 3. d4 cxd4 4. Nxd4 Nf6 5. Nc3 a6 6. Bg5 Nbd7 7. Bc4 Qb6 8.
Bb3 e6 9. Qd2 Be7 10. O-O-O Nc5 11. Rhe1 h6 12. Bxf6 Bxf6 13. f4 O-O 14. Nf3
Bd7 15. g4 a5 16. e5 dxe5 17. g5 hxg5 18. fxg5 Be7 19. Nxe5 Be8 20. Qg2 a4 21.
Bc4 a3 22. b3 Qb4 23. Ne2 Ra5 24. c3 Qb6 25. Nd4 Nd7 26. Nef3 Rc5 27. Qc2 Rxc4
28. bxc4 Nc5 29. Nb5 Bxb5 30. cxb5 Qxb5 31. Rd4 Rc8 32. h4 g6 33. Ne5 Bf8 34.
Rf4 Bg7 35. Rxf7 Ne4 36. Rxe4 Bxe5 37. Rxe5 Qb2+ 38. Qxb2 axb2+ 39. Kxb2 Kxf7
40. Rb5 Rc7 41. Kc2 Ke7 42. Rb6 Rd7 43. a4 Rc7 44. Kd3 Rd7+ 45. Ke4 Rc7 46. Kd4
Rd7+ 47. Ke5 Rd5+ 48. Ke4 Rd7 49. c4 Rc7 50. Kd4 Kd7 51. Ke5 Rc5+ 52. Kf6 Rxc4
53. Rxb7+ Kd6 54. a5 Rxh4 55. a6 Ra4 56. Ra7 e5 57. Ra8 e4 58. a7 Kc7 59. Re8
Ra6+ 60. Kf7 Rxa7 61. Rxe4 Ra6 62. Re6 Ra1 63. Kxg6 Kd7 64. Re2 Kd8 65. Kh6 1-0

[Event "European Youth Chess Championship B16"]
[Site "Prague, Top Hotel Prague"]
[Date "2016.08.20"]
[Round "3.15"]
[White "Nguyen, Kevin"]
[Black "Laurent-Paoli, Pierre"]
[Result "1/2-1/2"]
[WhiteElo "2169"]
[BlackElo "2318"]
[PlyCount "105"]
[EventDate "2016.08.18"]

1. e4 c6 2. Nf3 d5 3. Nc3 Bg4 4. h3 Bxf3 5. Qxf3 e6 6. Qg3 Ne7 7. d3 Ng6 8. Bd2
Be7 9. O-O-O Bh4 10. Qf3 Bg5 11. Qe2 d4 12. Nb1 e5 13. g3 Nd7 14. h4 Bxd2+ 15.
Qxd2 h6 16. f4 Qe7 17. Bh3 h5 18. Qf2 Nf6 19. Rdf1 b5 20. Nd2 c5 21. Bf5 Rh6
22. Nf3 exf4 23. gxf4 Ng4 24. Qg3 Ne3 25. Re1 Qc7 26. Ne5 Nxe5 27. fxe5 g6 28.
Qg5 Rh8 29. Bxg6 Rg8 30. Qf6 fxg6 31. Rhf1 Nxf1 32. Rxf1 Qd7 33. e6 Qe7 34.
Qf7+ Qxf7 35. exf7+ Ke7 36. fxg8=Q Rxg8 37. Rg1 Kf6 38. Rg5 Rc8 39. Kd2 a6 40.
Rd5 Ke6 41. Rg5 Kf6 42. Ke2 Kg7 43. e5 Rf8 44. e6 Rf6 45. Rxc5 Rxe6+ 46. Kf2
Kf6 47. a4 bxa4 48. Rc4 Rb6 49. Rxa4 Rxb2 50. Rxa6+ Kf5 51. Kf3 Rxc2 52. Ra5+
Kf6 53. Ra6+ 1/2-1/2

[Event "European Youth Chess Championship B16"]
[Site "Prague, Top Hotel Prague"]
[Date "2016.08.20"]
[Round "3.16"]
[White "Giannoulakis, Lampros"]
[Black "Goldie, Thomas"]
[Result "1-0"]
[WhiteElo "2317"]
[BlackElo "2193"]
[PlyCount "134"]
[EventDate "2016.08.18"]

1. d4 d5 2. Nf3 Nf6 3. e3 c6 4. c4 Bg4 5. Nbd2 e6 6. Bd3 Nbd7 7. O-O Bd6 8. b3
O-O 9. Bb2 e5 10. cxd5 cxd5 11. dxe5 Nxe5 12. Be2 Ng6 13. Bd4 a6 14. Qc2 Qe7
15. Rad1 Ne4 16. Nb1 Rac8 17. Qb2 f6 18. Ne1 Bxe2 19. Qxe2 Qc7 20. g3 Rfe8 21.
Nd3 Qd7 22. Rc1 Qh3 23. f3 Ng5 24. Qg2 Qf5 25. Nf4 Bxf4 26. exf4 Rxc1 27. Rxc1
Qd3 28. fxg5 Qxd4+ 29. Qf2 Qd3 30. gxf6 gxf6 31. Qd2 Qxf3 32. Rf1 Qh5 33. Nc3
Re5 34. Rxf6 Kg7 35. Rf1 Qg5 36. Qd4 Kh6 37. Qf2 b5 38. Ne2 Qe3 39. Nd4 Qxf2+
40. Rxf2 Re4 41. Rd2 Ne5 42. Kg2 Ng4 43. h3 Nf6 44. Kf3 Kg6 45. Ne2 Kf5 46. g4+
Ke5 47. g5 Nd7 48. Rxd5+ Kxd5 49. Nc3+ Kd4 50. Nxe4 Ke5 51. b4 Kf5 52. h4 Ne5+
53. Ke3 Nc6 54. a3 Kg4 55. Nf6+ Kxh4 56. Kf4 a5 57. bxa5 Nxa5 58. Nxh7 Kh5 59.
Kf5 Nc6 60. Nf6+ Kh4 61. Nd5 Kh5 62. Nf4+ Kh4 63. Kf6 b4 64. axb4 Nxb4 65. g6
Kg4 66. g7 Kxf4 67. g8=Q Nd5+ 1-0

[Event "European Youth Chess Championship B16"]
[Site "Prague, Top Hotel Prague"]
[Date "2016.08.20"]
[Round "3.17"]
[White "Haug, Johannes"]
[Black "Zeman, Matyas"]
[Result "1/2-1/2"]
[WhiteElo "2305"]
[BlackElo "2166"]
[PlyCount "62"]
[EventDate "2016.08.18"]

1. e4 e6 2. d4 d5 3. Nd2 Nc6 4. Ngf3 Nf6 5. e5 Nd7 6. c3 f6 7. exf6 Qxf6 8. Bb5
Bd6 9. Nf1 O-O 10. Ne3 Qf7 11. Bd3 e5 12. Bxh7+ Kh8 13. O-O Qh5 14. dxe5 Ndxe5
15. Nxe5 Qxh7 16. f4 Be6 17. Nxc6 bxc6 18. Nc2 c5 19. Ne1 d4 20. Nf3 Bg4 21. h3
Bxf3 22. Qxf3 Rae8 23. f5 Re5 24. g4 Rfe8 25. Bd2 Qh4 26. f6 gxf6 27. Qxf6+
Qxf6 28. Rxf6 Re2 29. Rf2 Bg3 30. Rxe2 Rxe2 31. Rd1 Kg7 1/2-1/2

[Event "European Youth Chess Championship B16"]
[Site "Prague, Top Hotel Prague"]
[Date "2016.08.20"]
[Round "3.18"]
[White "Szustakowski, Antoni"]
[Black "Janik, Igor"]
[Result "1/2-1/2"]
[WhiteElo "2125"]
[BlackElo "2303"]
[PlyCount "52"]
[EventDate "2016.08.18"]

1. d4 Nf6 2. c4 c5 3. d5 e6 4. Nc3 exd5 5. cxd5 d6 6. Nf3 g6 7. h3 Bg7 8. Bf4
O-O 9. e3 Na6 10. Be2 Nc7 11. O-O Rb8 12. a4 b6 13. e4 Re8 14. Nd2 a6 15. Bf3
b5 16. axb5 axb5 17. Re1 Rb6 18. e5 dxe5 19. Bxe5 Ncxd5 20. Nxd5 Nxd5 21. Bxg7
Rxe1+ 22. Qxe1 Kxg7 23. Qe5+ Nf6 24. Qxc5 Be6 25. Ne4 Nxe4 26. Bxe4 Bc4 1/2-1/2

[Event "European Youth Chess Championship B16"]
[Site "Prague, Top Hotel Prague"]
[Date "2016.08.20"]
[Round "3.19"]
[White "Gallagher, Daniel GH"]
[Black "Askerov, Marat"]
[Result "0-1"]
[WhiteElo "2128"]
[BlackElo "2302"]
[PlyCount "86"]
[EventDate "2016.08.18"]

1. Nf3 Nf6 2. c4 e6 3. g3 b6 4. Bg2 Bb7 5. O-O c5 6. Nc3 Be7 7. d4 cxd4 8. Qxd4
O-O 9. Bg5 h6 10. Bxf6 Bxf6 11. Qd3 Na6 12. Rfd1 Nc5 13. Qd2 Qe7 14. Rac1 Rfd8
15. Qe3 Rac8 16. Nd2 Bxg2 17. Kxg2 d6 18. b3 Qb7+ 19. Qf3 d5 20. cxd5 exd5 21.
b4 Bxc3 22. Rxc3 Ne4 23. Rxc8 Rxc8 24. Nxe4 dxe4 25. Qf5 e3+ 26. f3 Qc6 27. Rd7
Qc4 28. Qd3 Qxa2 29. Rd8+ Rxd8 30. Qxd8+ Kh7 31. Qd3+ g6 32. b5 Qe6 33. Qa3 Qc4
34. Qd3 Qxd3 35. exd3 Kg7 36. f4 Kf6 37. Kf3 Ke6 38. Kxe3 Kd5 39. d4 Kc4 40.
Ke4 Kxb5 41. d5 a5 42. Ke5 Kc5 43. Kf6 Kxd5 0-1

[Event "European Youth Chess Championship B16"]
[Site "Prague, Top Hotel Prague"]
[Date "2016.08.20"]
[Round "3.20"]
[White "Ayats, Llobera Gerard"]
[Black "Buzas, Bertalan"]
[Result "1-0"]
[WhiteElo "2290"]
[BlackElo "2127"]
[PlyCount "69"]
[EventDate "2016.08.18"]

1. e4 e5 2. Nf3 Nc6 3. Bb5 a6 4. Ba4 Nf6 5. O-O Be7 6. Re1 b5 7. Bb3 O-O 8. a4
Bb7 9. Qe2 b4 10. d3 a5 11. Nbd2 d6 12. Nf1 Bc8 13. Ne3 Be6 14. Nd5 Nb8 15. d4
Bxd5 16. exd5 e4 17. Ng5 c6 18. Nxe4 Nxd5 19. Ng3 Bf6 20. Qg4 Qd7 21. Qf3 Ne7
22. Bh6 d5 23. c3 Bh4 24. Bf4 Ng6 25. Be3 f5 26. Bf4 Bd8 27. Nh5 Bc7 28. c4
dxc4 29. Bxc4+ Kh8 30. Bxc7 Qxc7 31. Re6 Ra7 32. Rxg6 hxg6 33. Nf4 Rf7 34.
Nxg6+ Kg8 35. Qh5 1-0

[Event "European Youth Chess Championship B16"]
[Site "Prague, Top Hotel Prague"]
[Date "2016.08.20"]
[Round "3.21"]
[White "Schroeder, Kevin"]
[Black "Slomczewski, Michal"]
[Result "1/2-1/2"]
[WhiteElo "2286"]
[BlackElo "1920"]
[PlyCount "163"]
[EventDate "2016.08.18"]

1. Nf3 Nf6 2. c4 c5 3. Nc3 e6 4. d4 d5 5. cxd5 Nxd5 6. e4 Nb4 7. a3 N4a6 8. Be3
Nd7 9. Be2 Be7 10. O-O O-O 11. dxc5 Bxc5 12. Bxc5 Ndxc5 13. Qxd8 Rxd8 14. b4
Nd7 15. Rfd1 Kf8 16. Rd6 Ke7 17. Rad1 Nc7 18. e5 b6 19. Nd4 Bb7 20. f4 Ne8 21.
Nc6+ Bxc6 22. Rxc6 Rac8 23. Rxc8 Rxc8 24. Nb5 a6 25. Nd6 Nxd6 26. Rxd6 Ra8 27.
a4 Ra7 28. Kf2 a5 29. bxa5 bxa5 30. Bb5 f6 31. Bc4 Nc5 32. Rc6 Nxa4 33. Rxe6+
Kf8 34. exf6 gxf6 35. Rxf6+ Kg7 36. Rd6 Rc7 37. Bf1 Nc5 38. Rd8 Ne6 39. Ra8
Nxf4 40. Rxa5 Ng6 41. g3 Re7 42. Be2 Kf6 43. Ra6+ Re6 44. Ra4 Ne5 45. Kg2 Ng6
46. Bc4 Rc6 47. Bd3 Rd6 48. Ra3 Re6 49. h4 Re7 50. Ra6+ Re6 51. Ra3 Re7 52. Kh3
Ne5 53. Ra6+ Kg7 54. Bf5 Rf7 55. Be4 Re7 56. h5 Nf7 57. Bf5 Nh6 58. Bc2 Rc7 59.
Ra2 Nf7 60. Kh4 Ne5 61. g4 Nf3+ 62. Kg3 Ne5 63. Bf5 Kf6 64. Re2 Rc3+ 65. Kf4
Rf3+ 66. Ke4 Rb3 67. Kd5 h6 68. Rf2 Rb5+ 69. Kd6 Kg5 70. Rg2 Nf3 71. Ra2 Rb4
72. Ra8 Nh4 73. Bd7 Kf6 74. Rf8+ Kg7 75. Rf2 Rb3 76. Bc6 Rb4 77. Bd5 Rxg4 78.
Rf7+ Kh8 79. Ke7 Rg7 80. Be4 Nf5+ 81. Bxf5 Rxf7+ 82. Kxf7 1/2-1/2

[Event "European Youth Chess Championship B16"]
[Site "Prague, Top Hotel Prague"]
[Date "2016.08.20"]
[Round "3.22"]
[White "Pechac, Jergus"]
[Black "Abdulla, Murad"]
[Result "1-0"]
[WhiteElo "2443"]
[BlackElo "2103"]
[PlyCount "95"]
[EventDate "2016.08.18"]

1. e4 c5 2. Nf3 d6 3. d4 cxd4 4. Nxd4 Nf6 5. f3 e5 6. Nb3 d5 7. Bg5 Be6 8. exd5
Qxd5 9. N1d2 Nbd7 10. Bc4 Qc6 11. Qe2 Be7 12. O-O O-O 13. Rad1 Rac8 14. Bd3 h6
15. Bh4 Nd5 16. Bxe7 Nxe7 17. f4 Qb6+ 18. Kh1 exf4 19. Rxf4 Nd5 20. Rd4 N7f6
21. c4 Bg4 22. Nf3 Rfe8 23. Qd2 Nc7 24. c5 Qc6 25. Rd6 Ne4 26. Rxc6 Nxd2 27.
Rxc7 Rxc7 28. Rxd2 Rd7 29. Bb5 Bxf3 30. gxf3 Rxd2 31. Nxd2 Re1+ 32. Kg2 Rc1 33.
Nc4 a6 34. c6 bxc6 35. Bxa6 Rc2+ 36. Kg3 Kf8 37. a4 Ke7 38. b4 Ra2 39. b5 Rxa4
40. Nb6 Ra1 41. bxc6 Kd6 42. Bb7 Kc7 43. Nd5+ Kb8 44. Kf4 f6 45. Kf5 Re1 46. f4
Ka7 47. Bc8 g5 48. c7 1-0

[Event "European Youth Chess Championship B16"]
[Site "Prague, Top Hotel Prague"]
[Date "2016.08.20"]
[Round "3.23"]
[White "Costachi, Mihnea"]
[Black "Shafi, Declan"]
[Result "1-0"]
[WhiteElo "2416"]
[BlackElo "2078"]
[PlyCount "55"]
[EventDate "2016.08.18"]

1. d4 d5 2. c4 e6 3. Nc3 Nf6 4. Bg5 Be7 5. e3 h6 6. Bf4 O-O 7. cxd5 exd5 8. Bd3
c6 9. Qc2 Nh5 10. Be5 Nd7 11. h3 Nxe5 12. dxe5 g6 13. Nf3 Ng7 14. O-O Ne6 15.
Nd4 Kg7 16. f4 Nc5 17. f5 Bg5 18. Rf3 Nxd3 19. Qxd3 c5 20. f6+ Kh8 21. Ndb5 Bf5
22. Rxf5 gxf5 23. Nxd5 c4 24. Qd4 Qd7 25. Nd6 h5 26. Rf1 f4 27. Qd1 f3 28. Qxf3
1-0

[Event "European Youth Chess Championship B16"]
[Site "Prague, Top Hotel Prague"]
[Date "2016.08.20"]
[Round "3.24"]
[White "Lopez, Mulet Inigo"]
[Black "Simet, Martin"]
[Result "1-0"]
[WhiteElo "2343"]
[BlackElo "2058"]
[PlyCount "79"]
[EventDate "2016.08.18"]

1. d4 Nf6 2. c4 e6 3. g3 d5 4. Bg2 dxc4 5. Nf3 Bd7 6. Ne5 Bc6 7. Nxc6 Nxc6 8.
Qa4 Qd7 9. O-O Nxd4 10. Qxc4 b5 11. Qd3 Rd8 12. Be3 Bc5 13. Rc1 Bb6 14. Bxd4
Qxd4 15. Qxb5+ Ke7 16. e3 Qd3 17. Qb4+ Qd6 18. Qh4 h5 19. Na3 g5 20. Qxg5 Rdg8
21. Qb5 h4 22. Rd1 Qc5 23. Qxc5+ Bxc5 24. Rac1 Rh5 25. Nc4 hxg3 26. hxg3 Ng4
27. a3 Kf6 28. b4 Be7 29. Rd7 Rf5 30. Rc2 c5 31. e4 Rh5 32. b5 Rd8 33. Rxd8
Bxd8 34. Rd2 Bb6 35. f4 Rh8 36. Rd7 Rb8 37. Bf3 Nh6 38. g4 Ng8 39. g5+ Kg7 40.
Bh5 1-0

[Event "European Youth Chess Championship B16"]
[Site "Prague, Top Hotel Prague"]
[Date "2016.08.20"]
[Round "3.25"]
[White "Lamblin, Jean"]
[Black "Dobrovoljc, Vid"]
[Result "1/2-1/2"]
[WhiteElo "2090"]
[BlackElo "2306"]
[PlyCount "105"]
[EventDate "2016.08.18"]

1. d4 Nf6 2. Nf3 g6 3. c4 Bg7 4. Nc3 O-O 5. g3 d6 6. Bg2 Nbd7 7. O-O e5 8. e3
c6 9. a4 a5 10. b3 Re8 11. Ra2 e4 12. Ng5 d5 13. cxd5 cxd5 14. f3 h6 15. Nh3
exf3 16. Qxf3 Nb6 17. Nf4 Bg4 18. Qf2 Bf5 19. h3 Ne4 20. Nxe4 Bxe4 21. Bxe4
Rxe4 22. Nd3 Qe8 23. Nc5 Re7 24. Qf4 Rd8 25. Rc2 Nc8 26. Bd2 h5 27. g4 hxg4 28.
hxg4 b6 29. Nd3 Nd6 30. Nf2 Ne4 31. Be1 Nxf2 32. Kxf2 Re4 33. Qf3 Rd6 34. g5
Re7 35. Bd2 Qb8 36. Rfc1 Rd8 37. Qg3 Qxg3+ 38. Kxg3 Red7 39. Rc6 Rb8 40. Kf3
Bf8 41. Rc8 Rxc8 42. Rxc8 Kg7 43. Rb8 Rd6 44. b4 Be7 45. bxa5 bxa5 46. Bxa5
Bxg5 47. Bd2 Kf6 48. a5 Ke6 49. Ra8 Rd8 50. Rxd8 Bxd8 51. a6 Bb6 52. Ba5 Ba7
53. Bb4 1/2-1/2

[Event "European Youth Chess Championship B16"]
[Site "Prague, Top Hotel Prague"]
[Date "2016.08.20"]
[Round "3.26"]
[White "Czupor, Attila"]
[Black "Havelka, Ondrej"]
[Result "0-1"]
[WhiteElo "2303"]
[BlackElo "2025"]
[PlyCount "73"]
[EventDate "2016.08.18"]

1. e4 e6 2. d4 d5 3. Nc3 Bb4 4. Nge2 Nc6 5. a3 Ba5 6. b4 Bb6 7. Na4 Nf6 8. Nxb6
axb6 9. e5 Nd7 10. b5 Ne7 11. Ng3 O-O 12. Bd3 f6 13. exf6 Nxf6 14. O-O Nf5 15.
c3 e5 16. Re1 Nd6 17. Rb1 Bd7 18. a4 Qe7 19. Bf4 Nfe4 20. Bxe5 Nxf2 21. Bxh7+
Kxh7 22. Qh5+ Kg8 23. Qg6 Bc8 24. Rf1 Qf7 25. Qc2 Nc4 26. Qe2 Rxa4 27. Nh1 Nxe5
28. Rxf2 Qg6 29. Rxf8+ Kxf8 30. Rf1+ Nf7 31. Qe5 Ra1 32. Qxc7 Rxf1+ 33. Kxf1
Qf6+ 34. Nf2 Qd8 35. Qb8 Qe8 36. Kg1 Kg8 37. Nd3 0-1

[Event "European Youth Chess Championship B16"]
[Site "Prague, Top Hotel Prague"]
[Date "2016.08.20"]
[Round "3.27"]
[White "Lazov, Toni"]
[Black "Sramek, Vojtech"]
[Result "1-0"]
[WhiteElo "2297"]
[BlackElo "2005"]
[PlyCount "47"]
[EventDate "2016.08.18"]

1. e4 c5 2. Nf3 Nc6 3. Bb5 d6 4. c3 Nf6 5. Qe2 Bd7 6. O-O a6 7. Ba4 b5 8. Bc2
e5 9. a4 Rb8 10. Rd1 Be7 11. d4 cxd4 12. axb5 axb5 13. cxd4 O-O 14. dxe5 dxe5
15. Nc3 Qc7 16. Bg5 b4 17. Nd5 Nxd5 18. exd5 Nd4 19. Rxd4 exd4 20. Bxe7 Rfc8
21. Nxd4 Qc4 22. Qe4 f5 23. Qe3 Qxd5 24. Bb3 1-0

[Event "European Youth Chess Championship B16"]
[Site "Prague, Top Hotel Prague"]
[Date "2016.08.20"]
[Round "3.28"]
[White "O`Sullivan, Thomas"]
[Black "Pauwels, Xander"]
[Result "1/2-1/2"]
[WhiteElo "2293"]
[BlackElo "1996"]
[PlyCount "88"]
[EventDate "2016.08.18"]

1. d4 Nf6 2. c4 e6 3. Nc3 d5 4. Nf3 c5 5. cxd5 exd5 6. g3 Nc6 7. Bg2 Be6 8. O-O
h6 9. Bf4 cxd4 10. Nb5 Rc8 11. Nfxd4 a6 12. Nxc6 Rxc6 13. Nd4 Rc4 14. Nxe6 fxe6
15. Qb3 Qd7 16. Rfc1 b5 17. Qd3 Kf7 18. e4 dxe4 19. Qxd7+ Nxd7 20. Rxc4 bxc4
21. Rc1 g5 22. Be3 Ne5 23. Bxe4 Bg7 24. Bd2 Rd8 25. Bc3 Rd6 26. Kf1 h5 27. Ke2
Rb6 28. Rc2 h4 29. Bd4 Rb8 30. Rc1 Rb5 31. Bc3 Rb6 32. gxh4 gxh4 33. h3 Rd6 34.
f4 Nd3 35. Bxd3 Rxd3 36. Bxg7 Kxg7 37. Rxc4 Rxh3 38. Rc6 Rh2+ 39. Kf3 Rxb2 40.
Rxa6 h3 41. Rxe6 h2 42. Re7+ Kg8 43. Re8+ Kg7 44. Re7+ Kg8 1/2-1/2

[Event "European Youth Chess Championship B16"]
[Site "Prague, Top Hotel Prague"]
[Date "2016.08.20"]
[Round "3.29"]
[White "Marosi, Levente"]
[Black "Danek, Daniel"]
[Result "1-0"]
[WhiteElo "2274"]
[BlackElo "1970"]
[PlyCount "43"]
[EventDate "2016.08.18"]

1. e4 c6 2. Nc3 d5 3. Nf3 Bg4 4. h3 Bxf3 5. Qxf3 Nf6 6. d4 dxe4 7. Qe3 Nd5 8.
Qxe4 Nxc3 9. bxc3 Nd7 10. Bd3 Nf6 11. Qf3 e6 12. Rb1 Qa5 13. Rxb7 Rc8 14. O-O
Bd6 15. c4 O-O 16. c5 Bb8 17. Bg5 Nd5 18. c4 Rc7 19. Rxb8 Rxb8 20. cxd5 e5 21.
d6 Rcb7 22. Qf5 1-0